[Event "Bad Woerishofen"]
[Site "?"]
[Date "2002.??.??"]
[Round "3"]
[White "Burkhardt, Wilfried"]
[Black "Einwiller, Dieter"]
[Result "1/2-1/2"]
[WhiteElo "1830"]
[BlackElo "2154"]
[Annotator "ChessOrg"]
[PlyCount "99"]
[EventDate "2002.??.??"]

1. d4 Nf6 2. Nf3 d5 3. c4 e6 4. e3 Nbd7 5. Nc3 c6 6. Bd3 Bd6 7. O-O O-O 8. e4
dxe4 9. Nxe4 Nxe4 10. Bxe4 e5 11. Qc2 h6 12. Rd1 Qf6 13. Be3 Re8 14. d5 c5 15.
a4 a5 16. Ra3 Nf8 17. Rb3 Rb8 18. Bd2 b6 19. Re3 Bg4 20. h3 Bh5 21. Rde1 Rb7
22. Bc3 Rbe7 23. b3 g5 24. Nh2 Qg7 25. Ng4 Ng6 26. Bxg6 Bxg6 27. Qe2 f6 28. Nh2
h5 29. g4 h4 30. Qf3 Kf7 31. Nf1 e4 32. Qd1 Qh7 33. Qa1 f5 34. gxf5 Bxf5 35.
Bf6 Re5 36. Bxe5 Bxe5 37. Qd1 g4 38. hxg4 Bxg4 39. f3 exf3 40. Rxf3+ Kg7 41.
Rxe5 Rxe5 42. Qa1 Qh5 43. Re3 Kf6 44. Nh2 Bd7 45. Nf3 Qg4+ 46. Kh1 Qh3+ 47. Kg1
Qg3+ 48. Kh1 Qh3+ 49. Kg1 Qg3+ 50. Kh1 1/2-1/2

[Event "Bad Woerishofen"]
[Site "?"]
[Date "2002.??.??"]
[Round "3"]
[White "Steiger, Wallfried"]
[Black "Popitz, Andreas"]
[Result "0-1"]
[WhiteElo "1930"]
[BlackElo "2182"]
[Annotator "ChessOrg"]
[PlyCount "88"]
[EventDate "2002.??.??"]

1. d4 Nf6 2. c4 c5 3. d5 e6 4. Nc3 exd5 5. cxd5 d6 6. g3 g6 7. Bg2 Bg7 8. Nf3
O-O 9. O-O Na6 10. Nd2 Nc7 11. a4 Re8 12. Re1 b6 13. e4 Rb8 14. Nc4 Ba6 15.
Nxd6 Qxd6 16. e5 Qd7 17. d6 Ne6 18. exf6 Bxf6 19. Nd5 Bg7 20. Ne7+ Rxe7 21.
dxe7 Qxe7 22. Bf4 Rd8 23. Qc1 Bb7 24. Bh3 Qd7 25. Bg2 Bxg2 26. Kxg2 Nxf4+ 27.
Qxf4 Bxb2 28. Rad1 Bd4 29. h4 h5 30. Kh2 a6 31. Rd3 b5 32. axb5 axb5 33. Qg5
Re8 34. Red1 Qe7 35. Qxe7 Rxe7 36. Rxd4 cxd4 37. Rxd4 Rb7 38. Rb4 Kf8 39. Kg2
Ke7 40. Kf3 Kd6 41. Kf4 Kc5 42. Rb1 b4 43. f3 Kc4 44. g4 Rb5 0-1

[Event "Bad Woerishofen"]
[Site "?"]
[Date "2002.??.??"]
[Round "3"]
[White "Vossenkuhl, Joachim"]
[Black "Schmidt, Andreas"]
[Result "0-1"]
[WhiteElo "2185"]
[BlackElo "1933"]
[Annotator "ChessOrg"]
[PlyCount "69"]
[EventDate "2002.??.??"]

1. d4 d5 2. Nf3 Nf6 3. e3 Bg4 4. Be2 Nbd7 5. Nbd2 c6 6. O-O e6 7. Ne5 Nxe5 8.
dxe5 Bxe2 9. Qxe2 Nd7 10. f4 Qb6 11. Kh1 Nc5 12. e4 Nxe4 13. Nxe4 dxe4 14. Qxe4
O-O-O 15. c3 Bc5 16. b4 Qb5 17. Be3 Bxe3 18. Qxe3 Qb6 19. Qe4 g6 20. a4 Rd7 21.
a5 Qc7 22. Rfb1 Rhd8 23. h3 Rd5 24. Qe1 Qd7 25. a6 b6 26. Qf1 Rd3 27. c4 Qd4
28. b5 c5 29. Rc1 Rd7 30. Kh2 Kd8 31. Ra2 Ke7 32. Rac2 Kf8 33. Kh1 h5 34. Kh2
Kg7 35. Qg1 0-1

[Event "Bad Woerishofen"]
[Site "?"]
[Date "2002.??.??"]
[Round "3"]
[White "Oschetzki, Stefan"]
[Black "Gorecki, Zbigniew"]
[Result "1-0"]
[WhiteElo "2173"]
[BlackElo "2051"]
[Annotator "ChessOrg"]
[PlyCount "71"]
[EventDate "2002.??.??"]

1. e4 c5 2. c3 Nf6 3. e5 Nd5 4. Nf3 e6 5. d4 cxd4 6. cxd4 Nc6 7. Nc3 Nxc3 8.
bxc3 d6 9. Bf4 Qc7 10. Qd2 Bd7 11. Bd3 Be7 12. O-O O-O 13. Rab1 b6 14. Rfe1
Rac8 15. Bg5 f6 16. exf6 Bxf6 17. Re4 Ne7 18. c4 Ng6 19. Rbe1 d5 20. cxd5 exd5
21. R4e3 Qc3 22. Qxc3 Rxc3 23. Bxf6 Rxf6 24. Bxg6 Rxe3 25. Bxh7+ Kxh7 26. Rxe3
Rc6 27. h3 Rc1+ 28. Kh2 a5 29. Rb3 b5 30. a3 Rc4 31. Ne5 Be8 32. Nxc4 dxc4 33.
Re3 Bg6 34. Re5 b4 35. Rxa5 c3 36. axb4 1-0

[Event "Bad Woerishofen"]
[Site "?"]
[Date "2002.??.??"]
[Round "3"]
[White "Fahnenschmidt, Gerhard"]
[Black "Urban, Rudolf"]
[Result "1-0"]
[WhiteElo "2276"]
[BlackElo "2075"]
[Annotator "ChessOrg"]
[PlyCount "105"]
[EventDate "2002.??.??"]

1. d4 d5 2. c4 e6 3. Nc3 Nf6 4. cxd5 exd5 5. Bg5 Be7 6. e3 c6 7. Bd3 Be6 8.
Nge2 O-O 9. Ng3 Nbd7 10. Nf5 Bxf5 11. Bxf5 h6 12. Bf4 Re8 13. O-O Nf8 14. Qb3
Qb6 15. Qc2 Qd8 16. Rad1 Bd6 17. Bxd6 Qxd6 18. Rfe1 g6 19. Bh3 Ne6 20. f4 Ng7
21. g3 Ne4 22. Nxe4 Rxe4 23. Bg2 Re7 24. e4 dxe4 25. Rxe4 Rxe4 26. Bxe4 Re8 27.
d5 Qb4 28. dxc6 bxc6 29. Bxc6 Re1+ 30. Rxe1 Qxe1+ 31. Kg2 Nf5 32. Qf2 Qe6 33.
Bf3 Ne3+ 34. Kg1 Qb6 35. Kh1 Qc5 36. Qd2 Nf1 37. Qe1 Ne3 38. Qc3 Qb6 39. b4 Qb5
40. Qc1 Qd3 41. Kg1 Qd4 42. Kh1 Qd3 43. h4 Nf5 44. Kg2 Nd4 45. Qd1 Qe3 46. g4
Qc3 47. h5 gxh5 48. g5 Qb2+ 49. Kh3 Qf2 50. Bxh5 f5 51. b5 Ne6 52. Qd5 Qf1+ 53.
Kh4 1-0

[Event "Bad Woerishofen"]
[Site "?"]
[Date "2002.??.??"]
[Round "3"]
[White "Heika, Martin"]
[Black "Walther, Alexander"]
[Result "1-0"]
[WhiteElo "2339"]
[BlackElo "1768"]
[Annotator "ChessOrg"]
[PlyCount "45"]
[EventDate "2002.??.??"]

1. e4 c6 2. d3 d5 3. Nd2 Qc7 4. Ngf3 Bg4 5. g3 Nd7 6. Bg2 e5 7. O-O d4 8. h3
Bh5 9. c3 dxc3 10. bxc3 Be7 11. d4 g5 12. Nc4 f6 13. dxe5 fxe5 14. Be3 h6 15.
Qc2 Ngf6 16. Nfd2 g4 17. h4 Bg6 18. a4 Nd5 19. Rab1 Nxe3 20. Nxe3 h5 21. Nf5
Bf8 22. Nc4 Bf7 23. Rxb7 1-0

[Event "Bad Woerishofen"]
[Site "?"]
[Date "2002.??.??"]
[Round "3"]
[White "Bader, Gerd"]
[Black "Schaefer, Michael"]
[Result "1/2-1/2"]
[WhiteElo "2070"]
[BlackElo "2247"]
[Annotator "ChessOrg"]
[PlyCount "94"]
[EventDate "2002.??.??"]

1. e4 c5 2. Nc3 Nc6 3. g3 g6 4. Bg2 Bg7 5. d3 d6 6. Be3 Nf6 7. h3 O-O 8. Qd2
Re8 9. Bh6 Bh8 10. Nge2 Rb8 11. O-O b5 12. f4 b4 13. Nd1 Qb6 14. Kh2 Ba6 15.
Ne3 Rec8 16. f5 Ne5 17. Nf4 Qd8 18. b3 Bb5 19. a4 bxa3 20. Rxa3 Ra8 21. Nfd5 e6
22. Nf4 Bd7 23. g4 Nfxg4+ 24. Nxg4 Nxg4+ 25. hxg4 Qh4+ 26. Nh3 Qxg4 27. f6 e5
28. Raa1 Re8 29. Rf3 Bc6 30. Raf1 d5 31. Rg3 Qd7 32. Qg5 a5 33. Qh4 a4 34. bxa4
Rxa4 35. Be3 c4 36. Ng5 h5 37. Nh3 Re6 38. Qg5 d4 39. Bc1 Qd8 40. Rgf3 Ra6 41.
Qh6 Qf8 42. Qxf8+ Kxf8 43. Ng5 Re8 44. dxc4 Rc8 45. Bh3 Rca8 46. Rb3 Be8 47.
Rbf3 Rc6 1/2-1/2

[Event "Bad Woerishofen"]
[Site "?"]
[Date "2002.??.??"]
[Round "3"]
[White "Heuer, Rainer"]
[Black "Bischoff, Dieter"]
[Result "0-1"]
[WhiteElo "1881"]
[BlackElo "2233"]
[Annotator "ChessOrg"]
[PlyCount "74"]
[EventDate "2002.??.??"]

1. d4 Nf6 2. Nf3 g6 3. b3 Bg7 4. Bb2 O-O 5. Nbd2 d6 6. e3 Nbd7 7. Bd3 e5 8. O-O
Re8 9. e4 exd4 10. Bxd4 Nc5 11. Re1 a6 12. a4 b6 13. b4 Nxd3 14. cxd3 c5 15.
Bc3 Bb7 16. Qb3 Rb8 17. Rab1 Bc6 18. b5 axb5 19. axb5 Bb7 20. Ng5 Re7 21. f4 h6
22. Ngf3 Ne8 23. Rbd1 Bxc3 24. Qxc3 Nc7 25. Qb2 Qd7 26. Rb1 Qd8 27. Nc4 Ba8 28.
Qf6 Ne8 29. Qh4 Kg7 30. Re3 d5 31. Nce5 Nf6 32. Rbe1 dxe4 33. dxe4 Bb7 34. f5
g5 35. Qg3 Re8 36. Nxg5 Nh5 37. Ne6+ Kh7 0-1

[Event "Bad Woerishofen"]
[Site "?"]
[Date "2002.??.??"]
[Round "3"]
[White "Schulz, Gert"]
[Black "Unger, Michael"]
[Result "1-0"]
[WhiteElo "2067"]
[BlackElo "2213"]
[Annotator "ChessOrg"]
[PlyCount "59"]
[EventDate "2002.??.??"]

1. d4 Nf6 2. Nf3 e6 3. Bf4 b6 4. e3 Bb7 5. Nbd2 d5 6. Bb5+ c6 7. Bd3 Bd6 8. Qe2
c5 9. Bb5+ Nc6 10. Ne5 Bxe5 11. dxe5 Nd7 12. Qg4 g6 13. c4 a6 14. Bxc6 Bxc6 15.
cxd5 Bxd5 16. e4 Bc6 17. Nc4 O-O 18. Bh6 f5 19. exf6 Qxf6 20. Bxf8 Rxf8 21.
O-O-O b5 22. Rd6 bxc4 23. Rxc6 Re8 24. f4 Qd4 25. Qd1 Qg7 26. Rc7 Rb8 27. Qd2
Rd8 28. Rd1 c3 29. Qxc3 Qe7 30. Qd2 1-0

[Event "Bad Woerishofen"]
[Site "?"]
[Date "2002.??.??"]
[Round "3"]
[White "Stojadinovic, Tomislav"]
[Black "Babar, Michael"]
[Result "0-1"]
[WhiteElo "2030"]
[BlackElo "2146"]
[Annotator "ChessOrg"]
[PlyCount "92"]
[EventDate "2002.??.??"]

1. e4 e5 2. Nf3 Nc6 3. Bb5 a6 4. Ba4 Nf6 5. O-O b5 6. Bb3 Bb7 7. Ng5 d5 8. exd5
Nxd5 9. Nxf7 Kxf7 10. Qf3+ Ke6 11. Qg4+ Kd6 12. c3 Bc8 13. Qf3 Be6 14. d4 Qf6
15. dxe5+ Nxe5 16. Qg3 Kd7 17. Nd2 Bd6 18. Ne4 Qg6 19. Bc2 Qxg3 20. hxg3 Nf6
21. f4 Neg4 22. Rd1 Nxe4 23. Bxe4 Rae8 24. a4 Nf6 25. Bf3 Bb3 26. Rf1 bxa4 27.
Bd1 Re6 28. f5 Bc5+ 29. Kh2 Rd6 30. Bf3 Nd5 31. Bg4 h5 32. Bh3 Nf6 33. Bf4 Rd3
34. Rae1 Bd6 35. Bxd6 Rxd6 36. Rf4 Re8 37. Rxe8 Kxe8 38. Rf2 Rd1 39. Re2+ Kf8
40. g4 hxg4 41. Kg3 Rd3+ 42. Kf4 gxh3 43. gxh3 Rxh3 44. Ke5 Rh4 45. c4 Bxc4 46.
Re1 Nd7# 0-1

[Event "Bad Woerishofen"]
[Site "?"]
[Date "2002.??.??"]
[Round "3"]
[White "Fries, Werner"]
[Black "Woerl, Richard"]
[Result "0-1"]
[WhiteElo "1664"]
[BlackElo "2078"]
[Annotator "ChessOrg"]
[PlyCount "50"]
[EventDate "2002.??.??"]

1. e4 c5 2. Nf3 e6 3. Nc3 Nc6 4. Bc4 Nf6 5. d4 d5 6. exd5 exd5 7. Bb5 Bg4 8. h3
Bxf3 9. gxf3 Qb6 10. Qe2+ Be7 11. dxc5 Qxc5 12. Bxc6+ bxc6 13. Bg5 O-O 14.
O-O-O Rab8 15. Na4 Qb4 16. b3 Rfe8 17. Rhg1 Kf8 18. Qd3 Qa3+ 19. Kb1 Qxa4 20.
Ka1 Qb5 21. Bh6 gxh6 22. Qd2 Ng8 23. Rxg8+ Kxg8 24. Qxh6 Kh8 25. Re1 Qb4 0-1

[Event "Bad Woerishofen"]
[Site "?"]
[Date "2002.??.??"]
[Round "3"]
[White "Fries, Elisabeth"]
[Black "Wawrinsky, Ludwig"]
[Result "0-1"]
[WhiteElo "1448"]
[BlackElo "1734"]
[Annotator "ChessOrg"]
[PlyCount "76"]
[EventDate "2002.??.??"]

1. d4 Nf6 2. c4 e6 3. Nf3 b6 4. Bf4 Bb4+ 5. Nbd2 Bb7 6. a3 Bxd2+ 7. Nxd2 Nh5 8.
Bg3 f5 9. e3 Nf6 10. f3 O-O 11. Bd3 d6 12. O-O Nbd7 13. e4 Nh5 14. Bf2 Qg5 15.
g3 Nf4 16. h4 Qg6 17. Bc2 Nf6 18. Kh2 N4h5 19. Rg1 fxe4 20. Qe2 Qf5 21. Be3
Rae8 22. Raf1 Qg6 23. Bg5 h6 24. Bxf6 Qxf6 25. fxe4 Qxd4 26. Rxf8+ Rxf8 27. Rf1
Rxf1 28. Nxf1 Qxb2 29. Qd3 e5 30. Nd2 Nf6 31. Kg2 Qc1 32. Bb3 Kf8 33. Bc2 Ke7
34. Bb1 Ng4 35. Nf1 Qe1 36. Qc2 h5 37. Qb2 Bxe4+ 38. Bxe4 Qxe4+ 0-1

[Event "Bad Woerishofen"]
[Site "?"]
[Date "2002.??.??"]
[Round "3"]
[White "Pleyer, Felix"]
[Black "Pimmingsdorfer, Chr."]
[Result "1/2-1/2"]
[WhiteElo "2170"]
[BlackElo "2050"]
[Annotator "ChessOrg"]
[PlyCount "41"]
[EventDate "2002.??.??"]

1. e4 c5 2. d4 cxd4 3. c3 d5 4. exd5 Qxd5 5. cxd4 Nc6 6. Nf3 e5 7. dxe5 Qxd1+
8. Kxd1 Bg4 9. Bf4 Bxf3+ 10. gxf3 Bc5 11. Nc3 Rd8+ 12. Kc1 Nge7 13. Ne4 Bd4 14.
Nd6+ Kf8 15. e6 fxe6 16. Ne4 Nd5 17. Bg5 Rc8 18. Nd6 Rc7 19. Nb5 Rc8 20. Nd6
Rc7 21. Nb5 1/2-1/2

[Event "Bad Woerishofen"]
[Site "?"]
[Date "2002.??.??"]
[Round "3"]
[White "Mueller, Manfred"]
[Black "Plank, Peter"]
[Result "1-0"]
[WhiteElo "2160"]
[BlackElo "1804"]
[Annotator "ChessOrg"]
[PlyCount "49"]
[EventDate "2002.??.??"]

1. e4 e6 2. d4 d5 3. Nd2 Nf6 4. e5 Nfd7 5. Bd3 c5 6. c3 Nc6 7. Ne2 cxd4 8. cxd4
f6 9. exf6 Nxf6 10. O-O Bd6 11. Nf3 O-O 12. Re1 Bd7 13. Nf4 Nxd4 14. Nxd4 e5
15. Nde6 Qb6 16. Nxf8 Rxf8 17. Nxd5 Nxd5 18. Bc4 Qxf2+ 19. Kh1 Kh8 20. Bxd5 e4
21. Be3 Qh4 22. Bg1 Rf6 23. Rxe4 Qg5 24. Rc1 Rg6 25. Rc8+ 1-0

[Event "Bad Woerishofen"]
[Site "?"]
[Date "2002.??.??"]
[Round "3"]
[White "Pohlers, Juergen"]
[Black "Lechner, Otto"]
[Result "1-0"]
[WhiteElo "2133"]
[BlackElo "2007"]
[Annotator "ChessOrg"]
[PlyCount "85"]
[EventDate "2002.??.??"]

1. d4 Nf6 2. c4 g6 3. Nc3 Bg7 4. e4 d6 5. Nf3 O-O 6. h3 e5 7. dxe5 dxe5 8. Qxd8
Rxd8 9. Bg5 Re8 10. Rd1 c6 11. Be2 Na6 12. Be3 Nd7 13. a3 Nf8 14. O-O Bd7 15.
Rd6 b6 16. b4 h6 17. Rfd1 Nb8 18. b5 Rc8 19. a4 Kh7 20. g4 cxb5 21. axb5 Be6
22. Nd5 Nbd7 23. Ra1 Bxd5 24. Rxd5 Nf6 25. Rd3 Nxe4 26. Rda3 Rcb8 27. Rxa7 Rxa7
28. Rxa7 Kg8 29. Nd2 Nd6 30. Bf3 e4 31. Bxe4 Nxe4 32. Nxe4 Ne6 33. Nd6 Be5 34.
Nxf7 Bc7 35. Nxh6+ Kg7 36. g5 Kf8 37. Kg2 Rd8 38. Rb7 Rd3 39. Ng4 Rc3 40. Nf6
Rxc4 41. Nd7+ Ke8 42. Nxb6 Rc2 43. Nd5 1-0

[Event "Bad Woerishofen"]
[Site "?"]
[Date "2002.??.??"]
[Round "3"]
[White "Phildius, Bernhard"]
[Black "Lindenmair, Anton"]
[Result "1-0"]
[WhiteElo "2330"]
[BlackElo "2127"]
[Annotator "ChessOrg"]
[PlyCount "96"]
[EventDate "2002.??.??"]

1. d4 g6 2. c3 Bg7 3. Bg5 d6 4. e4 Nd7 5. Nd2 Ngf6 6. Ngf3 O-O 7. Be2 h6 8. Bh4
e5 9. dxe5 Nxe5 10. Nxe5 dxe5 11. Qc2 c6 12. O-O Qc7 13. a4 Be6 14. Nc4 Nh5 15.
Rfd1 Bf6 16. Bxf6 Nxf6 17. Qd2 Kg7 18. Qe3 Rfd8 19. f3 b6 20. b4 Rxd1+ 21. Rxd1
Bxc4 22. Bxc4 Rd8 23. Rxd8 Qxd8 24. Bb3 Qd6 25. Qe2 c5 26. Qc4 Qe7 27. Kf2 Ne8
28. Ke2 cxb4 29. cxb4 Nd6 30. Qd5 Kf6 31. g3 g5 32. Qc6 Kg7 33. Kd3 f5 34. Kc2
fxe4 35. fxe4 Nf7 36. Qd5 Nd6 37. Kb2 Kf6 38. h4 Nf7 39. Qd2 Nd6 40. Qd1 Kg7
41. Qg4 Kf6 42. Qd1 Kg7 43. Qd5 Nf7 44. h5 Qf6 45. a5 bxa5 46. bxa5 Qf2+ 47.
Ka3 Qf6 48. Ka4 Qe7 1-0

[Event "Bad Woerishofen"]
[Site "?"]
[Date "2002.??.??"]
[Round "4"]
[White "Skembris, Spyridon"]
[Black "Rueberg, Jobst"]
[Result "1-0"]
[WhiteElo "2464"]
[BlackElo "2295"]
[Annotator "ChessOrg"]
[PlyCount "105"]
[EventDate "2002.??.??"]

1. d4 Nf6 2. c4 e6 3. Nf3 a6 4. Nc3 c5 5. d5 b5 6. Bg5 b4 7. Ne4 Be7 8. Nxf6+
Bxf6 9. Qd2 O-O 10. g3 d6 11. Bg2 e5 12. Bxf6 Qxf6 13. O-O Qe7 14. e4 a5 15.
Ne1 Nd7 16. Nd3 Nb6 17. Rac1 Ba6 18. b3 a4 19. f4 f6 20. Qe3 Bc8 21. fxe5 fxe5
22. Nxb4 Bd7 23. Nc2 h6 24. Rxf8+ Rxf8 25. Ne1 axb3 26. axb3 Rb8 27. Ra1 Bg4
28. Bf3 Bxf3 29. Nxf3 Kh7 30. Kg2 Rf8 31. Ra2 Nd7 32. Ra7 Rf7 33. Qe2 Qf8 34.
Nh4 Qb8 35. Qh5 Kg8 36. Ra3 Qb4 37. Ra8+ Nf8 38. Qd1 Qc3 39. Ng6 Qe3 40. Qg4
Qf2+ 41. Kh3 Qf1+ 42. Kh4 Qf6+ 43. Kh5 Kh7 44. Rxf8 Rxf8 45. Nxf8+ Qxf8 46.
Qg6+ Kh8 47. h4 Qf3+ 48. g4 Qf8 49. Qe6 Qf3 50. Qxd6 Qxe4 51. Qg6 Qd4 52. Qf5
Qa1 53. Kg6 1-0

[Event "Bad Woerishofen"]
[Site "?"]
[Date "2002.??.??"]
[Round "4"]
[White "Kengis, Edvins"]
[Black "Pavlovic, Milos"]
[Result "1-0"]
[WhiteElo "2571"]
[BlackElo "2497"]
[Annotator "ChessOrg"]
[PlyCount "108"]
[EventDate "2002.??.??"]

1. Nf3 d5 2. g3 c5 3. Bg2 Nc6 4. d4 Nf6 5. O-O e6 6. c4 Be7 7. dxc5 Bxc5 8. a3
a6 9. b4 Ba7 10. Bb2 O-O 11. Nbd2 Re8 12. Qc2 d4 13. c5 e5 14. Nc4 Qe7 15. e3
d3 16. Qb3 Bb8 17. Nfd2 Bf5 18. e4 Bg4 19. Qxd3 Rd8 20. Qe3 Bc7 21. h3 Be6 22.
Rac1 Rd7 23. Nf3 Bxc4 24. Rxc4 Rad8 25. Qe2 h6 26. Re1 Qe6 27. Bf1 b6 28. cxb6
Bxb6 29. Qc2 Rd6 30. Kg2 h5 31. Rc1 Nd4 32. Bxd4 Bxd4 33. Rc7 R6d7 34. Rxd7
Qxd7 35. Bxa6 h4 36. Nxh4 Qa7 37. b5 Bb6 38. Nf3 Qe7 39. Qc6 Rb8 40. Rc3 Qd8
41. Qc4 Qe7 42. Rd3 g6 43. Qc6 Kg7 44. Bc8 Bc5 45. Rc3 Bb6 46. h4 Bd4 47. Rd3
Bc5 48. Rc3 Bb6 49. Bh3 Qa7 50. Ng5 Bd4 51. Rf3 Rb6 52. Qc4 Rb7 53. h5 Rc7 54.
Qb3 54... Qc5 {Rest nicht rekonstruierbar} 1-0

[Event "Bad Woerishofen"]
[Site "?"]
[Date "2002.??.??"]
[Round "4"]
[White "Keller, Manfred"]
[Black "Damm, Fabian"]
[Result "1-0"]
[WhiteElo "2223"]
[BlackElo "2130"]
[Annotator "ChessOrg"]
[PlyCount "23"]
[EventDate "2002.??.??"]

1. e4 e5 2. Nf3 Nc6 3. Bb5 a6 4. Ba4 Nf6 5. O-O Be7 6. Re1 b5 7. Bb3 O-O 8. d4
d6 9. c3 Nd7 10. a4 Rb8 11. axb5 axb5 12. d5 1-0

[Event "Bad Woerishofen"]
[Site "?"]
[Date "2002.??.??"]
[Round "4"]
[White "Khurtsidze, Nino"]
[Black "Mueller, Manfred"]
[Result "1-0"]
[WhiteElo "2434"]
[BlackElo "2160"]
[Annotator "ChessOrg"]
[PlyCount "38"]
[EventDate "2002.??.??"]

1. d4 Nf6 2. c4 e6 3. Nc3 b6 4. e4 Bb7 5. Bd3 d5 6. cxd5 exd5 7. e5 Ne4 8. Nge2
Nxc3 9. bxc3 c5 10. O-O c4 11. Bc2 Nc6 12. Nf4 Qd7 13. e6 fxe6 14. Nxe6 Qxe6
15. Re1 Qxe1+ 16. Qxe1+ Kf7 17. Qe2 Ne7 18. Bg5 h6 19. Re1 Re8 1-0

[Event "Bad Woerishofen"]
[Site "?"]
[Date "2002.??.??"]
[Round "4"]
[White "Hofmann, Juergen"]
[Black "Pirrot, Dieter"]
[Result "0-1"]
[WhiteElo "2189"]
[BlackElo "2436"]
[Annotator "ChessOrg"]
[PlyCount "34"]
[EventDate "2002.??.??"]

1. e4 e5 2. Nf3 Nc6 3. Bb5 f5 4. exf5 e4 5. Ng1 Nf6 6. g4 Nd4 7. Be2 h5 8. g5
Ng4 9. h3 Ne5 10. f6 d5 11. f4 exf3 12. Nxf3 Nexf3+ 13. Bxf3 Qd6 14. f7+ Kd8
15. Kf2 h4 16. Rg1 Bxh3 17. Ke3 Qe5+ 0-1

[Event "Bad Woerishofen"]
[Site "?"]
[Date "2002.??.??"]
[Round "4"]
[White "Schoenberger, Peter"]
[Black "Olarasu, Gabriela"]
[Result "0-1"]
[WhiteElo "2152"]
[BlackElo "2293"]
[Annotator "ChessOrg"]
[PlyCount "80"]
[EventDate "2002.??.??"]

1. e4 e5 2. Nf3 d6 3. d4 exd4 4. Nxd4 Nf6 5. Nc3 Be7 6. h3 O-O 7. Bd3 Re8 8.
O-O c6 9. a4 a5 10. Bf4 Bf8 11. Qf3 Nbd7 12. Rfe1 Ne5 13. Qd1 Ng6 14. Bh2 Qb6
15. Nb3 Be6 16. Rb1 Bxb3 17. cxb3 Rad8 18. Qc2 Ne5 19. Bf1 Nfd7 20. Kh1 Nc5 21.
f4 Ned7 22. Bc4 Nf6 23. Bg1 d5 24. exd5 Rxe1 25. Rxe1 cxd5 26. Bb5 Qd6 27. Ne2
b6 28. Bd4 Nfe4 29. Be5 Qg6 30. Nd4 Bd6 31. Bxd6 Qxd6 32. Qc1 Nf2+ 33. Kg1 Nfd3
34. Nf5 Qf8 35. Qc3 Nxe1 36. Qxe1 Ne6 37. Qh4 Qc5+ 38. Kh2 Qc1 39. g3 Qxb2+ 40.
Kh1 Qb1+ 0-1

[Event "Bad Woerishofen"]
[Site "?"]
[Date "2002.??.??"]
[Round "4"]
[White "Georgiev, Kiril"]
[Black "Jenni, Florian"]
[Result "1-0"]
[WhiteElo "2655"]
[BlackElo "2525"]
[Annotator "ChessOrg"]
[PlyCount "113"]
[EventDate "2002.??.??"]

1. d4 Nf6 2. c4 e6 3. Nc3 Bb4 4. Qc2 O-O 5. a3 Bxc3+ 6. Qxc3 b6 7. Bg5 Bb7 8.
f3 h6 9. Bh4 d5 10. e3 Nbd7 11. cxd5 Nxd5 12. Bxd8 Nxc3 13. Bh4 Nd5 14. Bf2 c5
15. e4 Ne7 16. Bb5 Rfd8 17. Ne2 Bc6 18. Bxc6 Nxc6 19. O-O-O cxd4 20. Nxd4 Nde5
21. Nxc6 Nxc6 22. Rxd8+ Rxd8 23. Rd1 Rxd1+ 24. Kxd1 b5 25. Ke2 e5 26. g3 a6 27.
f4 g6 28. fxe5 Nxe5 29. Bd4 Nc6 30. Bf6 g5 31. h4 gxh4 32. gxh4 h5 33. Kf3 Kh7
34. Kf4 Kg6 35. Bc3 f6 36. e5 fxe5+ 37. Bxe5 Ne7 38. Bd4 Nf5 39. Bf2 Nd6 40. b3
Nb7 41. Bb6 Kf6 42. Bd4+ Kf7 43. Bc3 a5 44. Kg5 Nc5 45. Bxa5 Nxb3 46. Bc3 Ke6
47. Kxh5 Kf5 48. Kh6 Nc5 49. h5 Ne6 50. Kh7 Nd8 51. Kg7 Ne6+ 52. Kf7 Ng5+ 53.
Kg8 Kg4 54. h6 Kf5 55. Bd2 Ne4 56. Kg7 Nf6 57. Bc3 1-0

[Event "Bad Woerishofen"]
[Site "?"]
[Date "2002.??.??"]
[Round "4"]
[White "Dittmar, Peter"]
[Black "Marin, Mihail"]
[Result "1-0"]
[WhiteElo "2330"]
[BlackElo "2551"]
[Annotator "ChessOrg"]
[PlyCount "156"]
[EventDate "2002.??.??"]

1. Nf3 Nf6 2. c4 c5 3. e3 g6 4. d4 Bg7 5. Nc3 O-O 6. Be2 b6 7. O-O d6 8. b3 Bb7
9. Bb2 e6 10. Qc2 cxd4 11. Nxd4 a6 12. Rfd1 Nbd7 13. Bf3 Qc7 14. Bxb7 Qxb7 15.
Nf3 Ne8 16. Nd4 Rc8 17. Qe4 Qc7 18. Rac1 Nef6 19. Qf3 Ne5 20. Qe2 Rfd8 21. Nf3
Ned7 22. Nd4 Qb8 23. h3 Ne5 24. Rc2 Qa8 25. Rcd2 h5 26. Nc2 Ne8 27. Nb4 Nc6 28.
Nd3 Ne7 29. Na4 Qb7 30. Bxg7 Kxg7 31. Nf4 b5 32. Nb2 bxc4 33. Nxc4 d5 34. Ne5
Qc7 35. Nf3 Qd6 36. Rc2 Nf6 37. Rxc8 Rxc8 38. Qb2 Qc5 39. Nd4 Qd6 40. Nfe2 e5
41. Nf3 Nd7 42. Rc1 Rxc1+ 43. Qxc1 Nc6 44. Qc3 f6 45. h4 Nc5 46. g3 Ne4 47. Qb2
Nb4 48. Ne1 a5 49. a3 Nc6 50. Nd3 d4 51. exd4 exd4 52. b4 axb4 53. axb4 Ne5 54.
Nef4 Nf3+ 55. Kg2 Ned2 56. Qa2 g5 57. hxg5 fxg5 58. Nxh5+ Kf8 59. Qa8+ Ke7 60.
Nc5 Ne5 61. Ng7 Qf6 62. Qb7+ Kf8 63. Nge6+ Kg8 64. Nxd4 g4 65. Qc8+ Kf7 66. Nd7
Qe7 67. Nxe5+ Qxe5 68. Qf5+ Qxf5 69. Nxf5 Kf6 70. Ne3 Kg5 71. b5 Ne4 72. Nc4
Nc5 73. Nd6 Nd7 74. Nc4 Nc5 75. b6 Nb7 76. f3 gxf3+ 77. Kxf3 Kf5 78. g4+ Kg5
1-0

[Event "Bad Woerishofen"]
[Site "?"]
[Date "2002.??.??"]
[Round "4"]
[White "Kveinys, Aloyzas"]
[Black "Gawehns, Klaus"]
[Result "1-0"]
[WhiteElo "2555"]
[BlackElo "2385"]
[Annotator "ChessOrg"]
[PlyCount "58"]
[EventDate "2002.??.??"]

1. e4 b6 2. d4 Bb7 3. Bd3 Nf6 4. Qe2 e6 5. Nf3 d5 6. e5 Nfd7 7. Ng5 Be7 8. h4
c5 9. Rh3 Bxg5 10. Bxg5 Qc7 11. c3 Nc6 12. Qg4 h5 13. Qf4 Rc8 14. Na3 a6 15.
Kf1 cxd4 16. cxd4 Nb4 17. Qd2 Nxd3 18. Rxd3 Nb8 19. Qd1 Qd7 20. Kg1 Nc6 21. Rg3
Kf8 22. Rc1 Na5 23. Rxc8+ Qxc8 24. Qa4 Nc6 25. Nc2 Ke8 26. Nb4 Kd7 27. Rc3 a5
28. Nc2 Qc7 29. Qa3 Rc8 1-0

[Event "Bad Woerishofen"]
[Site "?"]
[Date "2002.??.??"]
[Round "4"]
[White "Kunin, Vitaly"]
[Black "Nevednichy, Vladislav"]
[Result "1-0"]
[WhiteElo "2425"]
[BlackElo "2569"]
[Annotator "ChessOrg"]
[PlyCount "85"]
[EventDate "2002.??.??"]

1. d4 g6 2. Nf3 Nf6 3. g3 Bg7 4. Bg2 O-O 5. O-O d6 6. h3 Nbd7 7. d5 Nb6 8. Nc3
e5 9. dxe6 Bxe6 10. Nd4 Bd7 11. e4 Re8 12. Re1 a6 13. Nb3 Nc4 14. a4 Rb8 15. a5
h6 16. Bf1 Ne5 17. f4 Nc6 18. Bg2 Qc8 19. Kh2 h5 20. Be3 Nh7 21. Qd2 Qd8 22.
Rad1 h4 23. g4 g5 24. fxg5 Ne5 25. Qe2 Nxg5 26. Nd4 Ng6 27. Rf1 Be5+ 28. Kg1 c6
29. Nf5 Bxf5 30. gxf5 Nf8 31. f6 Ngh7 32. Rf5 Ng6 33. Rdf1 Re6 34. Bf3 Rxf6 35.
Bh5 Qxa5 36. Kh1 Kh8 37. Bd4 Qd8 38. Qe3 Qe7 39. Rxf6 Nxf6 40. Bxe5 Qxe5 41.
Bxg6 fxg6 42. Qh6+ Nh7 43. Rf7 1-0

[Event "Bad Woerishofen"]
[Site "?"]
[Date "2002.??.??"]
[Round "4"]
[White "Naiditsch, Arkadij"]
[Black "Phildius, Bernhard"]
[Result "1-0"]
[WhiteElo "2532"]
[BlackElo "2330"]
[Annotator "ChessOrg"]
[PlyCount "87"]
[EventDate "2002.??.??"]

1. e4 d6 2. d4 g6 3. Nc3 c6 4. Be3 a5 5. Bd3 a4 6. a3 Qa5 7. h3 Bg7 8. f4 Nf6
9. Nf3 d5 10. e5 Ne4 11. Bxe4 dxe4 12. Nd2 f5 13. exf6 exf6 14. Ncxe4 O-O 15.
O-O Rd8 16. Re1 Qb5 17. Qc1 b6 18. c4 Qa5 19. c5 b5 20. Nd6 Be6 21. Nb7 Qc7 22.
Nxd8 Qxd8 23. Bf2 Bd5 24. Ne4 Na6 25. Nc3 Nc7 26. f5 Bf7 27. Qf4 Bf8 28. h4 Ra7
29. Re3 Nd5 30. Nxd5 Bxd5 31. Rae1 Bf7 32. Rf3 g5 33. hxg5 fxg5 34. Qg3 Rd7 35.
f6 h6 36. Rf5 Rxd4 37. Bxd4 Qxd4+ 38. Qf2 Qc4 39. Rfe5 Qd3 40. Re7 g4 41. Qf4
Qg6 42. Qe5 Bd5 43. Re8 Qf7 44. Qd6 1-0